[Event "Turkey Cup 2020"]
[Site "Antalya-Belek"]
[Date "2020.02.02"]
[Round "11.78"]
[White "Oz, Dindar"]
[Black "Unal, Yusuf Evcim"]
[Result "1-0"]
[WhiteElo "1603"]
[BlackElo "1680"]
[Annotator "NA"]
[PlyCount "49"]
[EventDate "2020.01.26"]
[EventType "swiss"]
[EventCountry "TUR"]
[SourceTitle "playchess.com"]
[Source "ChessBase"]
[SourceQuality "1"]

1. d4 d5 2. c4 e6 3. Nc3 c5 4. cxd5 cxd4 5. Qxd4 Nc6 6. Qd1 exd5 7. Qxd5 Bd7 8. Nf3 Nf6 9. Qd1 Bc5 10. e3 Qe7 11. Bd3 O-O-O 12. Qe2 Kb8 13. a3 Bg4 14. O-O Ne5 15. Bc4 Nfd7 16. Nd5 Qd6 17. e4 Nxf3+ 18. gxf3 Bh3 19. Bf4 Ne5 20. Rfd1 Qg6+ 21. Bg3 Qh5 22. Nf4 Nxf3+ 23. Kh1 Rxd1+ 24. Rxd1 Qg4 25. Nxh3+ 1-0

[Event "Turkey Cup 2020"]
[Site "Antalya-Belek"]
[Date "2020.02.02"]
[Round "11.79"]
[White "Yildirim, Ibrahim Halil"]
[Black "Gursu, Ahmet Burak"]
[Result "1-0"]
[WhiteElo "1794"]
[BlackElo "1297"]
[Annotator "NA"]
[PlyCount "99"]
[EventDate "2020.01.26"]
[EventType "swiss"]
[EventCountry "TUR"]
[SourceTitle "playchess.com"]
[Source "ChessBase"]
[SourceQuality "1"]

1. e4 e5 2. Bc4 Nf6 3. d3 Nc6 4. Nc3 Bc5 5. f4 d6 6. Nf3 Bg4 7. Na4 Bb6 8. Nxb6 axb6 9. c3 Qd7 10. h3 Bxf3 11. Qxf3 Na5 12. fxe5 dxe5 13. Bg5 Nxc4 14. dxc4 O-O-O 15. O-O Qc6 16. Bxf6 gxf6 17. b3 Rd6 18. Rad1 Qc5+ 19. Kh1 Re6 20. Qg4 Qe7 21. Rd2 h5 22. Qg7 Qf8 23. Qxf8+ Rxf8 24. Rdf2 Rd8 25. Rxf6 Rxf6 26. Rxf6 Rd2 27. Rxf7 Rxa2 28. Rf5 Ra3 29. Rxh5 Rxb3 30. g4 Kd7 31. Rh7+ Ke6 32. Rxc7 Rxc3 33. Kg2 b5 34. Rxb7 Rxc4 35. Rb6+ Kf7 36. Rxb5 Rxe4 37. Kf3 Rf4+ 38. Kg3 Kf6 39. Rb6+ Kg7 40. h4 Ra4 41. h5 Ra3+ 42. Kh4 e4 43. Kg5 e3 44. Re6 Kf7 45. Re4 Kg7 46. h6+ Kh7 47. Kh5 Ra8 48. Rxe3 Ra1 49. Re7+ Kg8 50. g5 1-0

[Event "Turkey Cup 2020"]
[Site "Antalya-Belek"]
[Date "2020.02.02"]
[Round "11.80"]
[White "Mutlu, Bunyamin"]
[Black "Caglar, Mehmet Halil"]
[Result "0-1"]
[WhiteElo "1460"]
[BlackElo "1670"]
[Annotator "NA"]
[PlyCount "116"]
[EventDate "2020.01.26"]
[EventType "swiss"]
[EventCountry "TUR"]
[SourceTitle "playchess.com"]
[Source "ChessBase"]
[SourceQuality "1"]

1. e4 c5 2. b3 d6 3. Bb2 Nc6 4. Bb5 Bd7 5. Nc3 Nf6 6. Nf3 e6 7. O-O Be7 8. e5 Nxe5 9. Nxe5 dxe5 10. Qe2 Bd6 11. Rfe1 O-O 12. Qd3 Bb8 13. Ne4 Bxb5 14. Qxb5 Nxe4 15. Rxe4 Qd5 16. Rae1 f6 17. c4 Qxd2 18. Qxb7 Bd6 19. R4e2 Qd3 20. Qd7 Rfd8 21. Qxe6+ Kh8 22. f4 exf4 23. Bxf6 Rf8 24. Bb2 Rad8 25. Qh6 Rf7 26. Re8+ Bf8 27. Rxd8 Qxd8 28. Qh5 Kg8 29. Qd5 Qh4 30. Re8 h6 31. Qxc5 Kh7 32. Qe5 Qg4 33. Qe4+ Qg6 34. Qxg6+ Kxg6 35. Kf2 Bc5+ 36. Kf3 Rd7 37. Re2 Be3 38. Be5 Kf5 39. Bb8 h5 40. c5 Rd1 41. g3 g5 42. gxf4 gxf4 43. c6 Rf1+ 44. Kg2 Rc1 45. c7 Ke4 46. Rb2 f3+ 47. Kg3 h4+ 48. Kxh4 f2 49. Rxf2 Bxf2+ 50. Kg5 Bb6 51. h4 Bxc7 52. Bxa7 Bd8+ 53. Kh5 Rc2 54. a3 Rh2 55. b4 Kf5 56. Kh6 Rxh4+ 57. Kg7 Bf6+ 58. Kg8 Rh8+ 0-1

[Event "Turkey Cup 2020"]
[Site "Antalya-Belek"]
[Date "2020.02.02"]
[Round "11.81"]
[White "Atabey, Koray Ibrahim"]
[Black "Araboga, Nizamettin"]
[Result "0-1"]
[WhiteElo "1450"]
[BlackElo "1710"]
[Annotator "NA"]
[PlyCount "84"]
[EventDate "2020.01.26"]
[EventType "swiss"]
[EventCountry "TUR"]
[SourceTitle "playchess.com"]
[Source "ChessBase"]
[SourceQuality "1"]

1. e4 c5 2. c3 d6 3. Nf3 Nf6 4. Be2 Nc6 5. d3 g6 6. O-O Bg7 7. Be3 Qc7 8. h3 Bd7 9. Nbd2 O-O 10. Rc1 Rac8 11. Nb3 c4 12. Nbd2 cxd3 13. Bxd3 Ne5 14. Nxe5 dxe5 15. Qe2 Bc6 16. f3 Nh5 17. Qf2 Rcd8 18. Bc2 b6 19. Rcd1 Bb5 20. Rfe1 e6 21. Nf1 Bc4 22. a3 f5 23. Bg5 Rxd1 24. Rxd1 h6 25. Bc1 f4 26. Qd2 Qc5+ 27. Qf2 Qc6 28. Qd2 Bf6 29. Qd6 Qxd6 30. Rxd6 Be7 31. Rd7 Bc5+ 32. Kh2 Bxf1 33. Bb3 Ng7 34. Ba2 Be3 35. Rd1 Be2 36. Re1 Bxc1 37. Rxc1 Rd8 38. Rc2 Bd1 39. Rf2 Kf7 40. Bb1 Nh5 41. b4 Ng3 42. Kg1 Bb3 0-1

[Event "Turkey Cup 2020"]
[Site "Antalya-Belek"]
[Date "2020.02.02"]
[Round "11.82"]
[White "Bayramiclilar, Yusuf Ruzgar"]
[Black "Hazinedaroglu, Gokay"]
[Result "1/2-1/2"]
[WhiteElo "1331"]
[BlackElo "1510"]
[Annotator "NA"]
[PlyCount "82"]
[EventDate "2020.01.26"]
[EventType "swiss"]
[EventCountry "TUR"]
[SourceTitle "playchess.com"]
[Source "ChessBase"]
[SourceQuality "1"]

1. d4 Nf6 2. c4 c5 3. d5 e6 4. Nc3 exd5 5. Nxd5 d6 6. Bg5 Nbd7 7. Nf3 h6 8. Nxf6+ Nxf6 9. Bd2 Ne4 10. e3 Nxd2 11. Qxd2 Be6 12. Be2 Be7 13. Rd1 Qb6 14. O-O Rd8 15. Qc2 Bf6 16. b3 O-O 17. Nd2 d5 18. cxd5 Bxd5 19. Bc4 Qc6 20. Bxd5 Rxd5 21. Ne4 Rfd8 22. Nxf6+ Qxf6 23. Rxd5 Rxd5 24. Qe4 Qd6 25. Qe8+ Qf8 26. Qb5 b6 27. Qc6 Qd6 28. Qa8+ Kh7 29. Qxa7 Rd2 30. a4 Qe6 31. a5 bxa5 32. Qxa5 Rb2 33. Qxc5 Rxb3 34. Qc2+ g6 35. Rd1 Rb6 36. h3 Rd6 37. Rc1 Qf6 38. Qa2 Kg7 39. Qa1 Ra6 40. Qb1 Rb6 41. Qd3 Rb2 1/2-1/2

[Event "Turkey Cup 2020"]
[Site "Antalya-Belek"]
[Date "2020.02.02"]
[Round "11.83"]
[White "Sarioglu, Burak"]
[Black "Yanikoglu, Omer"]
[Result "1-0"]
[WhiteElo "1262"]
[BlackElo "1635"]
[Annotator "NA"]
[PlyCount "115"]
[EventDate "2020.01.26"]
[EventType "swiss"]
[EventCountry "TUR"]
[SourceTitle "playchess.com"]
[Source "ChessBase"]
[SourceQuality "1"]

1. e4 c5 2. Nf3 Nc6 3. d3 d6 4. g3 e5 5. Bg2 Nf6 6. c3 Be7 7. a3 O-O 8. O-O h6 9. b4 a6 10. Nbd2 Be6 11. Re1 Qd7 12. Nb3 Rac8 13. Bb2 Rfd8 14. d4 cxd4 15. cxd4 exd4 16. Nbxd4 Bg4 17. Qb3 Nh7 18. e5 Nxd4 19. Bxd4 Bxf3 20. Qxf3 dxe5 21. Bxe5 Ng5 22. Qxb7 Nh3+ 23. Kf1 Qd3+ 24. Re2 Rc2 25. Qf3 Rxe2 26. Qxd3 Rxf2+ 27. Ke1 Rxg2 28. Qe3 Rxh2 29. Rc1 Re8 30. Rc6 Bg5 31. Qd4 Ng1 32. Qxg1 Rxe5+ 33. Kf1 Ree2 34. Qc5 Re7 35. Rc7 Re6 36. Qf5 Be7 37. Rc8+ Bf8 38. Qc5 Rh1+ 39. Kg2 Rhe1 40. Rxf8+ Kh7 41. Rxf7 R1e2+ 42. Rf2 R2e5 43. Qc2+ Kg8 44. Qc4 Kh7 45. Qd3+ Kg8 46. Rf5 Re2+ 47. Rf2 R2e3 48. Qd8+ Re8 49. Qd5+ Kh8 50. Qf7 R8e6 51. Rd2 Kh7 52. Qf5+ Rg6 53. Rd3 Re2+ 54. Kh3 Ree6 55. Rd4 Ref6 56. Qd3 Kg8 57. Rg4 Kf7 58. Qd5+ 1-0

[Event "Turkey Cup 2020"]
[Site "Antalya-Belek"]
[Date "2020.02.02"]
[Round "11.84"]
[White "Nay, Ali Dogan"]
[Black "Acar, Kaan"]
[Result "1/2-1/2"]
[WhiteElo "1260"]
[BlackElo "1636"]
[Annotator "NA"]
[PlyCount "84"]
[EventDate "2020.01.26"]
[EventType "swiss"]
[EventCountry "TUR"]
[SourceTitle "playchess.com"]
[Source "ChessBase"]
[SourceQuality "1"]

1. e4 c5 2. d3 Nc6 3. g3 g6 4. Bg2 Bg7 5. Nc3 d6 6. f4 Nf6 7. Nf3 O-O 8. O-O Nd4 9. h3 Ne8 10. Be3 e5 11. fxe5 dxe5 12. Nd5 Nc7 13. c3 Nde6 14. c4 f5 15. Nxc7 Qxc7 16. exf5 gxf5 17. Nh4 f4 18. gxf4 exf4 19. Bc1 Ng5 20. Bd5+ Kh8 21. Qh5 Nxh3+ 22. Kh1 Qd6 23. b4 Qh6 24. Qxh6 Bxh6 25. Bb2+ Bg7 26. Bxg7+ Kxg7 27. bxc5 Rf6 28. Rab1 Rh6 29. Bxb7 Bxb7+ 30. Rxb7+ Kf6 31. Nf3 Rg8 32. Nh2 Ke5 33. Nf3+ Kf6 34. Nh2 Kf5 35. Rxa7 Rg3 36. Rf7+ Ke6 37. Rb7 Ke5 38. Nf3+ Kf5 39. Nh2 Rhg6 40. Nf3 Rh6 41. Nh2 Rhg6 42. Nf3 Rh6 1/2-1/2

[Event "Turkey Cup 2020"]
[Site "Antalya-Belek"]
[Date "2020.02.02"]
[Round "11.86"]
[White "Yilmaz, Cumhur"]
[Black "Ikizler, Metin"]
[Result "1-0"]
[WhiteElo "1719"]
[BlackElo "1555"]
[Annotator "NA"]
[PlyCount "131"]
[EventDate "2020.01.26"]
[EventType "swiss"]
[EventCountry "TUR"]
[SourceTitle "playchess.com"]
[Source "ChessBase"]
[SourceQuality "1"]

1. d4 d5 2. Nf3 Nf6 3. Bg5 Bg4 4. e3 e6 5. Bd3 Be7 6. c3 h6 7. Bh4 O-O 8. Nbd2 c6 9. h3 Bf5 10. Qc2 Bxd3 11. Qxd3 Nbd7 12. g4 Nh7 13. Bg3 Ndf6 14. Ne5 Nd7 15. h4 Nxe5 16. dxe5 f5 17. exf6 Nxf6 18. g5 Ne4 19. Nxe4 dxe4 20. Qxe4 Qd5 21. Qxd5 cxd5 22. gxh6 gxh6 23. Ke2 Bf6 24. h5 Rf7 25. Bd6 Rd8 26. Bf4 Kh7 27. Rag1 e5 28. Bg3 d4 29. Rd1 Rfd7 30. Bh4 Bg5 31. cxd4 exd4 32. f4 d3+ 33. Kd2 Bxh4 34. Rxh4 Rc8 35. Rc1 Rg8 36. Rh2 b5 37. Rc3 Rgd8 38. b4 Rd6 39. Rc7+ Kh8 40. Rc3 R8d7 41. a3 Kh7 42. Rf2 Kg7 43. Rg2+ Kh7 44. Rg3 Rd5 45. Rh3 Rg7 46. Rxd3 Rf5 47. Rh2 Rc7 48. Rh4 Re7 49. Rd4 Rf6 50. e4 Rc6 51. e5 Rec7 52. Ke3 a6 53. Rh1 Rc3+ 54. Rd3 R3c4 55. e6 R4c6 56. f5 Kg7 57. Rg1+ Kf6 58. Ke4 Rc4+ 59. Rd4 Rxd4+ 60. Kxd4 Rc4+ 61. Kd5 Rf4 62. Rg6+ Kxf5 63. e7 Re4 64. Kd6 Rd4+ 65. Kc7 Re4 66. Kd7 1-0

[Event "Turkey Cup 2020"]
[Site "Antalya-Belek"]
[Date "2020.02.02"]
[Round "11.87"]
[White "Turkkan, Ece"]
[Black "Kirali, Mehmet"]
[Result "1/2-1/2"]
[WhiteElo "1563"]
[BlackElo "1890"]
[Annotator "NA"]
[PlyCount "76"]
[EventDate "2020.01.26"]
[EventType "swiss"]
[EventCountry "TUR"]
[SourceTitle "playchess.com"]
[Source "ChessBase"]
[SourceQuality "1"]

1. d4 d5 2. c4 e6 3. Nc3 Nf6 4. cxd5 exd5 5. Bg5 Be7 6. e3 c6 7. Bd3 Nbd7 8. Qc2 Nf8 9. Nge2 Bg4 10. O-O Ne6 11. Bh4 Bh5 12. Rab1 Bg6 13. b4 a6 14. a4 O-O 15. Bxg6 hxg6 16. b5 axb5 17. axb5 g5 18. Bg3 Nh5 19. Be5 Bd6 20. Bxd6 Qxd6 21. bxc6 bxc6 22. Rfc1 Nf6 23. Ng3 g6 24. Na4 Ra6 25. Nc5 Nxc5 26. Qxc5 Qe6 27. Rb6 Nd7 28. Qxf8+ Kxf8 29. Rxa6 Qd6 30. Raxc6 Qb4 31. Rc7 Nb6 32. R7c5 Kg7 33. h3 Qb2 34. R5c2 Qb3 35. Rc3 Qb2 36. R3c2 Qb3 37. Rc3 Qb2 38. R3c2 Qb3 1/2-1/2

[Event "Turkey Cup 2020"]
[Site "Antalya-Belek"]
[Date "2020.02.02"]
[Round "11.89"]
[White "Yucesoy, Atil"]
[Black "Koca, Cisem"]
[Result "0-1"]
[WhiteElo "1680"]
[BlackElo "1643"]
[Annotator "NA"]
[PlyCount "134"]
[EventDate "2020.01.26"]
[EventType "swiss"]
[EventCountry "TUR"]
[SourceTitle "playchess.com"]
[Source "ChessBase"]
[SourceQuality "1"]

1. f4 Nf6 2. Nf3 d5 3. e3 c5 4. b3 Nc6 5. Bb5 Bd7 6. Bb2 a6 7. Bxc6 Bxc6 8. Ne5 Qc7 9. O-O e6 10. d3 Bd6 11. Ng4 Qe7 12. Nxf6+ gxf6 13. Nd2 h5 14. e4 d4 15. Nc4 b5 16. Na5 Bd7 17. b4 e5 18. bxc5 Bxc5 19. fxe5 fxe5 20. Qf3 Bb4 21. Nb3 Rc8 22. Rac1 Rc6 23. a3 Bc3 24. Bxc3 Rxc3 25. Qg3 Kf8 26. Kh1 Rg8 27. Qf2 Be6 28. Ra1 Bxb3 29. cxb3 Qc7 30. Qd2 Rxb3 31. Qh6+ Ke8 32. Qxa6 Rb2 33. Qa8+ Qd8 34. Qb7 f6 35. Qc6+ Kf7 36. Qb7+ Ke8 37. g3 Qe7 38. Qd5 Kf8 39. Rac1 Kg7 40. Rc6 Rd8 41. Qe6 Qxe6 42. Rxe6 Rf8 43. Rb6 Rb3 44. Rf3 Rxa3 45. Rxb5 Ra6 46. Kg2 Rc8 47. Kh3 Rc2 48. g4 hxg4+ 49. Kxg4 Rxh2 50. Rg3 Kg6 51. Kf3+ Kf7 52. Rb7+ Ke6 53. Rgg7 Rh3+ 54. Kg4 Rxd3 55. Rge7+ Kd6 56. Rbc7 Rc6 57. Rcd7+ Kc5 58. Rd5+ Kc4 59. Rb7 Rb3 60. Rbd7 Re3 61. Kf5 Rf3+ 62. Kg6 Kd3 63. Ra5 Kxe4 64. Ra1 f5+ 65. Kg5 Rg3+ 66. Kh4 Rg4+ 67. Kh5 Rc3 0-1

[Event "Turkey Cup 2020"]
[Site "Antalya-Belek"]
[Date "2020.02.02"]
[Round "11.90"]
[White "Ozata, Doruk"]
[Black "Yakar, Azat"]
[Result "1-0"]
[WhiteElo "1699"]
[BlackElo "1469"]
[Annotator "NA"]
[PlyCount "115"]
[EventDate "2020.01.26"]
[EventType "swiss"]
[EventCountry "TUR"]
[SourceTitle "playchess.com"]
[Source "ChessBase"]
[SourceQuality "1"]

1. e4 g6 2. d4 Bg7 3. Nc3 c5 4. dxc5 Qa5 5. Bd2 Qxc5 6. Nd5 a6 7. Be3 Qc6 8. Nf3 Nf6 9. Ne5 Nxd5 10. Nxc6 Nxe3 11. fxe3 Nxc6 12. c3 O-O 13. Be2 d6 14. O-O Be6 15. Qd2 Rac8 16. b3 Ne5 17. Rac1 Nd7 18. Rc2 Rc5 19. Rfc1 Re5 20. Bf3 Nc5 21. c4 h5 22. b4 Nxe4 23. Bxe4 Rxe4 24. c5 Bh6 25. Re1 dxc5 26. Rxc5 Bc4 27. a3 Bb5 28. Rd5 Bc6 29. Rd8 Rxd8 30. Qxd8+ Kg7 31. Kf2 Bg5 32. Qd3 Rg4 33. g3 h4 34. e4 hxg3+ 35. hxg3 e5 36. Qc2 Be7 37. Re2 Kf8 38. Qc1 Kg7 39. Qc3 Rg5 40. Qb3 Rg4 41. Qc3 Rg5 42. Re1 Bf6 43. Kg2 Be7 44. Kf3 Rh5 45. Kg2 Rg5 46. Qc4 Rg4 47. Kh3 Rg5 48. g4 Bd7 49. Rg1 Bc6 50. Rf1 Bf6 51. Qc2 Bd7 52. Rg1 Rh5+ 53. Kg3 Rh8 54. Qc7 Bc6 55. Rf1 Bxe4 56. Rxf6 Kxf6 57. Qd6+ Kg7 58. Qxe5+ 1-0

[Event "Turkey Cup 2020"]
[Site "Antalya-Belek"]
[Date "2020.02.02"]
[Round "11.92"]
[White "Atas, Remzi"]
[Black "Pek, Efe Can"]
[Result "0-1"]
[WhiteElo "1498"]
[BlackElo "1602"]
[Annotator "NA"]
[PlyCount "70"]
[EventDate "2020.01.26"]
[EventType "swiss"]
[EventCountry "TUR"]
[SourceTitle "playchess.com"]
[Source "ChessBase"]
[SourceQuality "1"]

1. d4 d5 2. c4 e6 3. Nc3 Nf6 4. Nf3 Be7 5. Bf4 O-O 6. e3 c5 7. cxd5 Nxd5 8. Nxd5 Qxd5 9. dxc5 Qxc5 10. Be5 Nc6 11. Bc3 Rd8 12. Qb3 Nb4 13. a3 Nd5 14. Rd1 Nxc3 15. Rxd8+ Bxd8 16. bxc3 Ba5 17. Bc4 a6 18. a4 Bd7 19. Nd4 Rc8 20. Bd3 Qxc3+ 21. Qxc3 Bxc3+ 22. Ke2 Bxd4 23. exd4 Bxa4 24. Be4 Bc6 25. Bxc6 Rxc6 26. Rb1 b5 27. Kd3 Kf8 28. Re1 Ke7 29. f4 Kd6 30. g4 b4 31. Rb1 a5 32. Ke4 Rb6 33. Kd3 a4 34. Kc4 b3 35. Kc3 b2 0-1

[Event "Turkey Cup 2020"]
[Site "Antalya-Belek"]
[Date "2020.02.02"]
[Round "11.94"]
[White "Atayman, Evren"]
[Black "Sari, Engin"]
[Result "0-1"]
[WhiteElo "1596"]
[BlackElo "1474"]
[Annotator "NA"]
[PlyCount "164"]
[EventDate "2020.01.26"]
[EventType "swiss"]
[EventCountry "TUR"]
[SourceTitle "playchess.com"]
[Source "ChessBase"]
[SourceQuality "1"]

1. d4 Nf6 2. Bg5 Ne4 3. h4 d5 4. Nd2 Nxd2 5. Qxd2 h6 6. Bf4 Bf5 7. e3 e6 8. f3 Bd6 9. g4 Bg6 10. h5 Bh7 11. O-O-O Nc6 12. Bxd6 Qxd6 13. Kb1 a5 14. Bd3 Bxd3 15. Qxd3 Nb4 16. Qb5+ Ke7 17. a3 Nc6 18. e4 dxe4 19. d5 Ra6 20. fxe4 Rb6 21. Qa4 exd5 22. Nf3 Qf6 23. Nd4 Nxd4 24. Rxd4 c5 25. e5 Qxe5 26. Qxa5 Rxb2+ 27. Kxb2 Qxd4+ 28. Kb1 Re8 29. Re1+ Kf8 30. Rxe8+ Kxe8 31. Qa8+ Ke7 32. Qxb7+ Kf6 33. Qc8 Kg5 34. Qf5+ Kh4 35. Qxf7 Kxg4 36. Qg6+ Kf4 37. Qd3 Ke5 38. Qxd4+ Kxd4 39. a4 c4 40. c3+ Kxc3 41. a5 Kd2 42. a6 c3 43. a7 c2+ 44. Ka2 c1=Q 45. a8=Q Qc2+ 46. Ka1 Qc3+ 47. Ka2 Qc4+ 48. Kb1 Qc2+ 49. Ka1 Qd1+ 50. Kb2 Qxh5 51. Qa5+ Kd3 52. Qc3+ Ke4 53. Qc2+ Kf4 54. Qd2+ Ke5 55. Qc3+ Ke6 56. Qc8+ Kf7 57. Qd7+ Kg8 58. Qe6+ Qf7 59. Qc8+ Kh7 60. Qc2+ g6 61. Ka1 h5 62. Kb1 Qf5 63. Ka1 Qe5+ 64. Ka2 Qe4 65. Qc7+ Kh6 66. Qc1+ g5 67. Qc6+ Kg7 68. Qd7+ Kf6 69. Ka1 h4 70. Qc6+ Kf5 71. Qc8+ Kf4 72. Qc1+ Qe3 73. Qf1+ Kg3 74. Qd1 d4 75. Qh1 h3 76. Qb7 h2 77. Qb8+ Kg2 78. Qb2+ Kh3 79. Qb7 Qe1+ 80. Kb2 h1=Q 81. Qh7+ Kg2 82. Qb7+ Kf2 0-1

[Event "Turkey Cup 2020"]
[Site "Antalya-Belek"]
[Date "2020.02.02"]
[Round "11.95"]
[White "Ersoy, Emre"]
[Black "Yalcindag, Hakan"]
[Result "0-1"]
[WhiteElo "1499"]
[BlackElo "1488"]
[Annotator "NA"]
[PlyCount "68"]
[EventDate "2020.01.26"]
[EventType "swiss"]
[EventCountry "TUR"]
[SourceTitle "playchess.com"]
[Source "ChessBase"]
[SourceQuality "1"]

1. e4 c5 2. Nf3 d6 3. d4 cxd4 4. Nxd4 Nf6 5. Nc3 a6 6. Bc4 e6 7. Bb3 Be7 8. O-O O-O 9. f4 Nc6 10. Be3 Bd7 11. f5 e5 12. Nxc6 Bxc6 13. Qf3 b5 14. Bg5 Rc8 15. Rf2 Qb6 16. Kh1 Nxe4 17. Nxe4 Bxg5 18. Raf1 Qe3 19. Re2 Qxf3 20. Rxf3 Bxe4 21. Rxe4 Bf6 22. a4 d5 23. Rb4 Rc5 24. axb5 axb5 25. Rd3 d4 26. g4 Rfc8 27. Rg3 Bg5 28. Kg2 Bd2 29. c3 dxc3 30. bxc3 Bxc3 31. Re4 Bd4 32. g5 g6 33. Rf3 R8c7 34. Bd5 Rc3 0-1

[Event "Turkey Cup 2020"]
[Site "Antalya-Belek"]
[Date "2020.02.02"]
[Round "11.96"]
[White "Kahraman, Yusuf"]
[Black "Pasa, Ahmet"]
[Result "0-1"]
[WhiteElo "1438"]
[BlackElo "1742"]
[Annotator "NA"]
[PlyCount "86"]
[EventDate "2020.01.26"]
[EventType "swiss"]
[EventCountry "TUR"]
[SourceTitle "playchess.com"]
[Source "ChessBase"]
[SourceQuality "1"]

1. e4 c5 2. Nf3 e6 3. d4 cxd4 4. Nxd4 Nf6 5. Nc3 d6 6. Bb5+ Nbd7 7. O-O a6 8. Bd3 Qc7 9. Kh1 b5 10. a3 Bb7 11. Be3 Be7 12. f4 Rc8 13. Rc1 Nb6 14. Qe2 O-O 15. h3 Nfd7 16. g4 d5 17. e5 Nc4 18. Bxc4 dxc4+ 19. Kh2 Rfd8 20. Rcd1 Nb6 21. Ndxb5 axb5 22. Nxb5 Qb8 23. Bxb6 Rxd1 24. Rxd1 Ba6 25. Nd6 Qxb6 26. Nxc8 Bxc8 27. Rd2 Bb7 28. Qxc4 Qe3 29. Qd4 Qf3 30. Qf2 Qe4 31. Qd4 Qh1+ 32. Kg3 g6 33. g5 h6 34. h4 Qf3+ 35. Kh2 Bc5 36. Qd8+ Kh7 37. Qd7 Qh1+ 38. Kg3 Qg1+ 39. Kh3 Qh1+ 40. Kg3 Qf3+ 41. Kh2 Qxf4+ 42. Kh3 Qf3+ 43. Kh2 Bf2 0-1

[Event "Turkey Cup 2020"]
[Site "Antalya-Belek"]
[Date "2020.02.02"]
[Round "11.97"]
[White "Atik, Muhammed Ihsan"]
[Black "Bulut, Nazim"]
[Result "1-0"]
[WhiteElo "1585"]
[BlackElo "1506"]
[Annotator "NA"]
[PlyCount "65"]
[EventDate "2020.01.26"]
[EventType "swiss"]
[EventCountry "TUR"]
[SourceTitle "playchess.com"]
[Source "ChessBase"]
[SourceQuality "1"]

1. d4 d6 2. Nf3 e6 3. e4 c6 4. c3 Nd7 5. Bd3 g6 6. O-O Bg7 7. Be3 f6 8. Nfd2 Nh6 9. f4 Nf7 10. f5 e5 11. Bc4 Qe7 12. Rf3 a6 13. Rg3 Nf8 14. a4 Bd7 15. Qb3 d5 16. Qxb7 Rd8 17. fxg6 Nh6 18. exd5 cxd5 19. Bxd5 Nxg6 20. Bxh6 Bxh6 21. Ne4 exd4 22. cxd4 f5 23. Nbc3 Kf8 24. Rf1 Kg7 25. Rxf5 Rhf8 26. Rxf8 Qxf8 27. Qxa6 Qf4 28. Qf1 Bf5 29. Rf3 Qg4 30. Rxf5 Be3+ 31. Kh1 Bxd4 32. Rf7+ Kh8 33. Nf6 1-0

[Event "Turkey Cup 2020"]
[Site "Antalya-Belek"]
[Date "2020.02.02"]
[Round "11.98"]
[White "Ipek, Suat Sukru"]
[Black "Tinmaz, Kerem"]
[Result "0-1"]
[WhiteElo "1561"]
[BlackElo "1729"]
[Annotator "NA"]
[PlyCount "70"]
[EventDate "2020.01.26"]
[EventType "swiss"]
[EventCountry "TUR"]
[SourceTitle "playchess.com"]
[Source "ChessBase"]
[SourceQuality "1"]

1. e4 c5 2. Nf3 e6 3. Nc3 a6 4. d4 cxd4 5. Nxd4 Qc7 6. Be2 b5 7. Bf3 Bb7 8. O-O Nc6 9. Nxc6 Bxc6 10. Qe2 Ne7 11. Bg5 h6 12. Bh4 Qb7 13. a3 g5 14. Bg3 Bg7 15. Bd6 Nc8 16. Bc5 d6 17. Be3 Bxc3 18. bxc3 Bxe4 19. Bh5 Bxg2 20. Bd4 O-O 21. Bf6 Qe4 22. Qxe4 Bxe4 23. f4 gxf4 24. Rxf4 Bg6 25. Bf3 Ra7 26. Kf2 Ne7 27. Rg1 Kh7 28. Be4 Rg8 29. Bd4 Nd5 30. Bxd5 Rd7 31. Bf6 exd5 32. Rfg4 Rc7 33. h4 h5 34. Rg5 Rc4 35. Rxd5 Rf4+ 0-1

[Event "Turkey Cup 2020"]
[Site "Antalya-Belek"]
[Date "2020.02.02"]
[Round "11.99"]
[White "Sener, Berke"]
[Black "Hatipoglu, Metin"]
[Result "1-0"]
[WhiteElo "1324"]
[BlackElo "1570"]
[Annotator "NA"]
[PlyCount "113"]
[EventDate "2020.01.26"]
[EventType "swiss"]
[EventCountry "TUR"]
[SourceTitle "playchess.com"]
[Source "ChessBase"]
[SourceQuality "1"]

1. Nf3 c5 2. c4 Nc6 3. b3 e6 4. Bb2 d5 5. cxd5 exd5 6. d4 cxd4 7. Nxd4 Bb4+ 8. Nc3 Qa5 9. Qd2 Nf6 10. Nxc6 bxc6 11. a3 Be7 12. b4 Qc7 13. g3 O-O 14. Bg2 Ba6 15. O-O Rad8 16. Rfd1 Rfe8 17. e3 Rd6 18. Rac1 Qb7 19. Na4 Bc4 20. Nc5 Qc8 21. Qc2 Qg4 22. Rd4 Qg6 23. Qxg6 hxg6 24. e4 Rdd8 25. Nb7 Rb8 26. Na5 c5 27. Rdd1 cxb4 28. axb4 Rxb4 29. Bxf6 Bxf6 30. exd5 Bb5 31. d6 Rd4 32. Nb7 a6 33. h4 Kh7 34. Rxd4 Bxd4 35. Rd1 Bb6 36. d7 Re2 37. d8=Q Bxf2+ 38. Kh2 Be3 39. Kh3 Bc4 40. Na5 Be6+ 41. Kh2 Bg4 42. Qd5 f5 43. Nc4 Bh6 44. Rf1 Rc2 45. Kh1 Be2 46. Ne5 Rc3 47. Nxg6 Bxf1 48. Qxf5 Bd3 49. Nf8+ Kh8 50. Qe5 Rc1+ 51. Kh2 Rc2 52. Kh3 Re2 53. Qd5 Rd2 54. Qf7 Bc2 55. Bd5 Bh7 56. Ng6+ Bxg6 57. Qg8# 1-0

[Event "Turkey Cup 2020"]
[Site "Antalya-Belek"]
[Date "2020.02.02"]
[Round "11.100"]
[White "Mizirakci, Yucel"]
[Black "Uslu, Mehmet"]
[Result "0-1"]
[WhiteElo "1715"]
[BlackElo "1402"]
[Annotator "NA"]
[PlyCount "110"]
[EventDate "2020.01.26"]
[EventType "swiss"]
[EventCountry "TUR"]
[SourceTitle "playchess.com"]
[Source "ChessBase"]
[SourceQuality "1"]

1. e4 d5 2. exd5 Nf6 3. Bb5+ Bd7 4. Bxd7+ Nbxd7 5. c4 b5 6. d3 e6 7. dxe6 Ne5 8. exf7+ Kxf7 9. d4 Nxc4 10. Nf3 Bb4+ 11. Nc3 Re8+ 12. Kf1 Qe7 13. Bg5 Rad8 14. a3 Bxc3 15. bxc3 c5 16. Qd3 cxd4 17. cxd4 Qd6 18. Bxf6 Qxf6 19. a4 a6 20. axb5 axb5 21. Qxh7 Ra8 22. Rxa8 Rxa8 23. Qh5+ Ke7 24. g3 Ra2 25. Qc5+ Kf7 26. Qd5+ Kf8 27. Qe4 Nd2+ 28. Nxd2 Rxd2 29. Qe3 Qxd4 30. Qxd4 Rxd4 31. Ke2 Ke7 32. Rb1 Rd5 33. h4 Kd6 34. Rb4 Kc5 35. Rg4 Rd7 36. Ke3 b4 37. Rg5+ Kc4 38. Rg6 Kc5 39. h5 b3 40. h6 gxh6 41. Rxh6 b2 42. Rh1 Kc4 43. Rb1 Kc3 44. f4 Kc2 45. Rxb2+ Kxb2 46. f5 Kc3 47. Ke4 Re7+ 48. Kf4 Kd4 49. f6 Re1 50. Kf5 Kd5 51. g4 Rf1+ 52. Kg6 Ke6 53. g5 Rf5 54. Kh6 Kf7 55. Kh5 Rf1 0-1

[Event "Turkey Cup 2020"]
[Site "Antalya-Belek"]
[Date "2020.02.02"]
[Round "11.101"]
[White "Mangal, Ali"]
[Black "Mercanli, Abdullah Gokturk"]
[Result "0-1"]
[WhiteElo "1702"]
[BlackElo "1474"]
[Annotator "NA"]
[PlyCount "98"]
[EventDate "2020.01.26"]
[EventType "swiss"]
[EventCountry "TUR"]
[SourceTitle "playchess.com"]
[Source "ChessBase"]
[SourceQuality "1"]

1. e4 c5 2. Nf3 Nc6 3. d4 cxd4 4. Nxd4 d6 5. Bb5 Bd7 6. Nc3 a6 7. Ba4 Nf6 8. a3 g6 9. O-O Bg7 10. Be3 O-O 11. f3 Rc8 12. Qd2 Re8 13. Rad1 Ne5 14. Bxd7 Qxd7 15. Qf2 Nc4 16. Bc1 Qc7 17. Nd5 Nxd5 18. exd5 Nb6 19. Nb3 Nc4 20. c3 a5 21. Kh1 a4 22. Na1 Nxa3 23. bxa3 Qxc3 24. Be3 Qxa3 25. Bd4 b5 26. Bxg7 Kxg7 27. Nc2 Qb3 28. Qd4+ f6 29. Ne3 Qc3 30. Qe4 a3 31. Rf2 Rc5 32. Rd3 a2 33. Rxc3 a1=Q+ 34. Rf1 Qxc3 35. f4 b4 36. h4 h5 37. Rf3 Qe1+ 38. Rf1 Qxh4+ 39. Kg1 b3 40. Qb4 Qg3 41. Qxb3 h4 42. Kh1 Kf7 43. Qd3 h3 44. Qe4 hxg2+ 45. Nxg2 Rh8+ 46. Kg1 Rh2 47. f5 Rxg2+ 48. Qxg2 Rxd5 49. fxg6+ Kxg6 0-1